Economic restruturing, financial crisis and women's work in Mexico (Record no. 51747)

000 -LEADER
fixed length control field 02299pab a2200205 454500
008 - FIXED-LENGTH DATA ELEMENTS--GENERAL INFORMATION
fixed length control field 180718b2001 xxu||||| |||| 00| 0 eng d
100 ## - MAIN ENTRY--PERSONAL NAME
Personal name Parrado, Emilio A.
245 ## - TITLE STATEMENT
Title Economic restruturing, financial crisis and women's work in Mexico
260 ## - PUBLICATION, DISTRIBUTION, ETC.
Date of publication, distribution, etc. 2001
300 ## - PHYSICAL DESCRIPTION
Extent p.456-77
362 ## - DATES OF PUBLICATION AND/OR SEQUENTIAL DESIGNATION
Dates of publication and/or sequential designation Nov
520 ## - SUMMARY, ETC.
Summary, etc. This paper contributes to our understanding of the social impact of economic restructuring and globaliztion in Mexico by analyzing changes in entry-level employment across three generations of Mexican women. Using retrospective data, we relate the divergent period conditions represented by each cohort to the process of labour market incorporation and other facets of first employment, namely first occupation, class of worker, and firm size. The analysis tests human capital, new international division of labor, and household strategy explanations of the response of female employment to macro-economic fluctuations. Results indicate that rising levels of human capital were central to increases in women's labour force participation across generations and improved labor demand conditions during growth cycles were an important impetus for women's incorporation into professional and more formal types of employment. We also find support for international division of labor perspectives, as women's representation in manufacturing (maquiladora) employment grew sustaintially over time. Overall, household survival theories best captured the effect of economic restructuring and globalization on women's work. Economic downturns and financial shocks triggered women's labour market incorporation, particularly among married women, lending strong support to the idea that in periods of economic uncertainty women join the labor ma rket in order to diversify household earnings and protect against deteriorating family incomes. However, this labor market push was concentrated in domestic and self-employed occupations and in smaller firms, findings and portend challenges to the long-term prospects of women's work in Mexico. - Reproduced
650 ## - SUBJECT ADDED ENTRY--TOPICAL TERM
Topical term or geographic name entry element Women workers - Mexico
650 ## - SUBJECT ADDED ENTRY--TOPICAL TERM
Topical term or geographic name entry element Economic recession - Mexico
650 ## - SUBJECT ADDED ENTRY--TOPICAL TERM
Topical term or geographic name entry element Economic reform - Mexico
650 ## - SUBJECT ADDED ENTRY--TOPICAL TERM
Topical term or geographic name entry element Economic reform
700 ## - ADDED ENTRY--PERSONAL NAME
Personal name Zenteno, Rene M.
773 ## - HOST ITEM ENTRY
Main entry heading Social Problems
909 ## -
-- 51747
Holdings
Withdrawn status Lost status Damaged status Not for loan Permanent Location Current Location Date acquired Serial Enumeration / chronology Barcode Date last seen Price effective from Koha item type
        Indian Institute of Public Administration Indian Institute of Public Administration 2018-07-19 Volume no: 48, Issue no: 4 AR52175 2018-07-19 2018-07-19 Articles

Powered by Koha